| 000 | 01110nam0a22003011 4500 | ||
|---|---|---|---|
| 001 | RU\NLR\INFOCOMM_253\5000027255 | ||
| 005 | 20250613094112.0 | ||
| 035 | _a(NLR Aleph) 009239922 | ||
| 090 |
_a8919014 _c8919014 |
||
| 100 | _a20100705d1970 |||y0rusy50 ca | ||
| 101 | 0 | _afre | |
| 102 | _aRU | ||
| 105 | _ay ||||000|y | ||
| 200 | 1 |
_aLe Portugal entre l'expansion et l'émigration _eRésumé _f[Par] José-Gentil Da Silva (France) _gV-e Congrès international d'histoire économique, Léningrad, 10-14 août, 1970 |
|
| 210 |
_aМ. _cNaouka _d1970 |
||
| 215 |
_a[2], 6 с. _d21 см |
||
| 309 | _aОтпеч. множит. аппаратом | ||
| 607 |
_aПортугалия _xИстория _2nlr_sh1 |
||
| 607 |
_aПортугалия _xЭмиграция и иммиграция _2nlr_sh1 |
||
| 686 |
_aИ6-470 _2rubbk |
||
| 686 |
_aД4(4) _2rubbk |
||
| 700 | 1 |
_aDa Silva _bJ. G. _gJosé-Gentil _4070 |
|
| 712 | 1 | 2 |
_aCongrès international d'histoire économique _d5 _eLéningrad _f1970 _4570 |
| 801 | 1 |
_aRU _bNLR _c20100705 |
|
| 801 | 0 |
_aRU _bNLR _gPSBO |
|
| 852 |
_aNLR _jЭк85 Д-4/76 |
||
| 942 | _cBOOK | ||
| 980 | _aNB | ||